| 000 | 00998naa a22002657a 4500 | ||
|---|---|---|---|
| 001 | BR9301951 | ||
| 003 | BR-BrBNA | ||
| 005 | 20240918181040.0 | ||
| 007 | ta | ||
| 008 | 230509b bl.||||| |||| 00| 0 por d | ||
| 040 |
_aBR-BrBNA _bpor _cBiblioteca Nacional de Agricultura |
||
| 041 | _a(Pt) | ||
| 072 |
_aA50 _b1112 |
||
| 090 | _aA50 BR9301951 | ||
| 100 | 1 | _aAlves, E.J. | |
| 111 | 1 |
_a1. Simposio Brasileiro sobre Bananicultura _cJaboticabal, SP (Brazil) _d3-7 Dec 1984 |
|
| 245 | 1 | _aPrincipais problemas da bananicultura brasileira e esforcos da pesquisa para sua solucao | |
| 260 | 3 |
_aJaboticabal, SP (Brasil): _c1984. |
|
| 500 | _aAnais do 1. Simposio Brasileiro sobre Bananicultura Jaboticabal, SP (Brasil): 1984. p. 3-18 (BR9301951-AM)A50 | ||
| 650 | _aBanana | ||
| 650 | _aPesquisa Agricola | ||
| 773 | 0 |
_tAnais do 1. Simposio Brasileiro sobre Bananicultura _wA50 BR9301951 _gJaboticabal, SP (Brasil), 1984. p. 3-18 |
|
| 909 |
_a202404 _bLucia _c55 _dLucia Elande |
||
| 942 |
_cAM _2AGRIS |
||
| 999 |
_c323349 _d323349 |
||